| 000 | 00894nam a2200217 a 4500 | ||
|---|---|---|---|
| 999 |
_c19559 _d19559 |
||
| 005 | 20180803170405.0 | ||
| 008 | 170607s2012 ck ao||| |||| 00| 0 spa d | ||
| 040 |
_aCO-BoIAVH _cCO-BoIAVH |
||
| 041 | 0 | _aspa | |
| 044 | _ack | ||
| 090 |
_aFG- _b0257 |
||
| 100 | 1 |
_aFigueroa, Yisela _eautora |
|
| 245 | 0 | 0 |
_aFlora del Desierto de La Tatacoa, Huila, Colombia / _cYisela Figueroa, Gloria Galeano y Néstor García |
| 260 |
_aMunicipio de Villa-vieja (Huila) : _bUniversidad Nacional de Colombia, _c2012 |
||
| 300 |
_a1 folleto plegable : _bilustraciones a color y fotografías a color ; _c10 x 22 cm. |
||
| 490 | 0 |
_aMiniguías de campo del Instituto de Ciencias Naturales ; _v14 |
|
| 650 | 2 | 6 |
_aFlora _xidentificación _zDesierto de La Tatacoa (Huila, Colombia) _vGuías |
| 700 | 1 |
_aGaleano, Gloria _eautora |
|
| 700 | 1 |
_aGarcía, Néstor _eautor |
|
| 942 |
_2z _cFolleto |
||